zpět

Detail výsledku týmu

Pivovar Born, Nový Bor

Datum a čas kvízu

28 Celkem bodů Celkový počet nahraných bodů na tomto kvízu bez doplňovacích otázek.
5. Pořadí na kvízu Konečné umístění týmu na tomto kvízu.

Zaznamenané odpovědi

# Otázka Odpověď Body Výsledky
1. Praha v minulém týdnu hostila... skauti 1
2. Severokorejský vůdce Kim Čong-... vítězství nad epidemií covidu-19 1
3. Britský hudebník, bývalý basky... Roger Waters 1
4. Senát Parlamentu České republi... zákaz jednorázových plastových výrobků 0
5. Ve čtvrtek měl v českých kinec... Jan Koller 0
6. Následující otázky budou věnov... C 0
7. Nyní se přesuneme do knižního... Michaela Klevisová 0
8. První dračí lodě se objevily p... 20 závodníků 0
9. Dračí hory je pohoří rozkládaj... Lesotho, Svazijsko 0
10. V srpnu letošního roku bude mí... Rod draka (House of the Dragon) 0